<?xml version="1.0" encoding="UTF-8"?><?xml-stylesheet type="text/xsl" href="static/style.xsl"?><OAI-PMH xmlns="http://www.openarchives.org/OAI/2.0/" xmlns:xsi="http://www.w3.org/2001/XMLSchema-instance" xsi:schemaLocation="http://www.openarchives.org/OAI/2.0/ http://www.openarchives.org/OAI/2.0/OAI-PMH.xsd"><responseDate>2026-04-17T16:12:56Z</responseDate><request verb="GetRecord" identifier="oai:www.recercat.cat:2072/411386" metadataPrefix="marc">https://recercat.cat/oai/request</request><GetRecord><record><header><identifier>oai:recercat.cat:2072/411386</identifier><datestamp>2024-11-24T23:34:53Z</datestamp><setSpec>com_2072_98</setSpec><setSpec>col_2072_378192</setSpec></header><metadata><record xmlns="http://www.loc.gov/MARC21/slim" xmlns:dcterms="http://purl.org/dc/terms/" xmlns:xsi="http://www.w3.org/2001/XMLSchema-instance" xmlns:doc="http://www.lyncode.com/xoai" xsi:schemaLocation="http://www.loc.gov/MARC21/slim http://www.loc.gov/standards/marcxml/schema/MARC21slim.xsd">
   <leader>00925njm 22002777a 4500</leader>
   <datafield ind2=" " ind1=" " tag="042">
      <subfield code="a">dc</subfield>
   </datafield>
   <datafield ind2=" " ind1=" " tag="720">
      <subfield code="a">Mora Torcal, Rafael</subfield>
      <subfield code="e">author</subfield>
   </datafield>
   <datafield ind2=" " ind1=" " tag="720">
      <subfield code="a">Martínez Moreno, Jorge</subfield>
      <subfield code="e">author</subfield>
   </datafield>
   <datafield ind2=" " ind1=" " tag="720">
      <subfield code="a">Casanova, Joel</subfield>
      <subfield code="e">author</subfield>
   </datafield>
   <datafield ind2=" " ind1=" " tag="260">
      <subfield code="c">2008</subfield>
   </datafield>
   <datafield ind2=" " ind1=" " tag="520">
      <subfield code="a">En este artículo se discute las implicaciones derivadas del cambio en la aportación de materias primas detectado en los niveles N10 y N12 de Roca dels Bous (Prepirineo suroriental). En estos contextos se recuperan conjuntos líticos con unos atributos en los métodos de talla y en el instrumental retocado que sugieren modificaciones en los comportamientos relacionados con la adquisición, elaboración, uso y abandono del instrumental. De estas observaciones se derivan varias implicaciones sobre la función del asentamiento dentro de los patrones de movilidad de los neandertales que habitan en la vertiente sur de los Pirineos. Paralelamente, permite abordar la noción de 'variabilidad', concepto clave al referir el significado cultural del Paleolítico Medio</subfield>
   </datafield>
   <datafield ind2=" " ind1=" " tag="520">
      <subfield code="a">This paper is concerned with the implications arising from changes in the movement of raw materials from levels N10 and N12 of Roca dels Bous (Southeastern Prepyrenees). Studies of the lithic assemblages reveal differences in stone tool technologies, especially knapping and retouching. These variations enable us to reflect on the function of the settlement within the context of Neanderthal mobility patterns in the area that connects the Ebro Valley with the Pyrenees. The characteristics of the artefacts suggest changes in the strategies employed in the acquisition, production, use and discard of stone tools. Importantly, these observations allow us to examine issues related to 'variability', a key concept in any discussion related to the cultural change in the Middle Palaeolithic</subfield>
   </datafield>
   <datafield tag="653" ind2=" " ind1=" ">
      <subfield code="a">Roca dels Bous</subfield>
   </datafield>
   <datafield tag="653" ind2=" " ind1=" ">
      <subfield code="a">Paleolítico medio</subfield>
   </datafield>
   <datafield tag="653" ind2=" " ind1=" ">
      <subfield code="a">Variabilidad técnica</subfield>
   </datafield>
   <datafield tag="653" ind2=" " ind1=" ">
      <subfield code="a">Materias primas</subfield>
   </datafield>
   <datafield tag="653" ind2=" " ind1=" ">
      <subfield code="a">Función del asentamiento</subfield>
   </datafield>
   <datafield tag="653" ind2=" " ind1=" ">
      <subfield code="a">Middle Paleolithic</subfield>
   </datafield>
   <datafield tag="653" ind2=" " ind1=" ">
      <subfield code="a">Technical variability</subfield>
   </datafield>
   <datafield tag="653" ind2=" " ind1=" ">
      <subfield code="a">Raw materials</subfield>
   </datafield>
   <datafield tag="653" ind2=" " ind1=" ">
      <subfield code="a">Settlement use</subfield>
   </datafield>
   <datafield ind2="0" ind1="0" tag="245">
      <subfield code="a">Abordando la noción de 'variabilidad musteriense' en Roca dels Bous (Prepirineo suroriental, Lleida)</subfield>
   </datafield>
</record></metadata></record></GetRecord></OAI-PMH>